| 000 | 00749nam a2200229 i 4500 | ||
|---|---|---|---|
| 001 | 124510 | ||
| 003 | ES-MaACL | ||
| 005 | 20250820122716.0 | ||
| 007 | t| | ||
| 008 | 070329s1930 sp ||||1| spa d | ||
| 080 | _a7(450)(091) | ||
| 100 | 1 |
_aVenturi, Adolfo. _9113925 |
|
| 245 | 1 | 0 |
_aArte italiano / _cAdolfo Venturi ; traducción de la segunda edición italiana por José F. Ráfols. |
| 260 |
_aBarcelona : _bLabor, _c[1930] |
||
| 300 |
_a324 p., XXXII p. de lám. : _bil. ; _c19 cm. |
||
| 490 | 1 |
_aColección Labor ; _v221, 222 |
|
| 650 | 1 | 4 |
_aArte italiano- _vHistoria. _910233 |
| 700 | 1 |
_aRàfols, Josep F., _d1889-1965 _9132216 |
|
| 830 | 0 | 0 |
_aColección Labor _v221, 222 _9184254 |
| 852 |
_aES-MaACL _jE-2731 |
||
| 999 |
_c124510 _d124510 |
||